[Event "Sao Paulo-chT"]
[Site "Sao Paulo"]
[Date "2019.03.10"]
[Round "7.2"]
[White "Salles, Leandro Luiz Krause"]
[Black "Viana da Costa, Fernando"]
[Result "0-1"]
[WhiteElo "2115"]
[BlackElo "2265"]
[PlyCount "108"]
[EventDate "2019.02.23"]
[EventType "team-tourn"]
[EventRounds "7"]
[EventCountry "BRA"]
[SourceTitle "CBM 189 Extra"]
[Source "ChessBase"]
[SourceDate "2019.06.03"]
[SourceVersion "1"]
[SourceVersionDate "2019.06.03"]
[SourceQuality "1"]
[WhiteTeam "Espaco Xadrez Total"]
[BlackTeam "Hebraica"]
[WhiteTeamCountry "BRA"]
[BlackTeamCountry "BRA"]

1. d4 Nf6 2. c4 e6 3. Nc3 Bb4 4. Qc2 d5 5. a3 Bxc3+ 6. Qxc3 Ne4 7. Qc2 c5 8. e3 Nc6 9. Nf3 Qa5+ 10. Bd2 Nxd2 11. Qxd2 dxc4 12. Bxc4 cxd4 13. Nxd4 Qxd2+ 14. Kxd2 Nxd4 15. exd4 Bd7 16. Ke3 Bc6 17. f3 0-0-0 18. Rhd1 Rd6 19. Rd3 Rhd8 20. Rad1 g5 21. b4 b6 22. g3 f5 23. f4 g4 24. Rc3 Kb7 25. b5 Bf3 26. Rd2 Be4 27. Bb3 Kb8 28. a4 h5 29. Rd1 Bf3 30. Rdc1 Bb7 31. Rd1 h4 32. gxh4 Rh8 33. Kf2 Rxh4 34. Kg1 Rh7 35. Re3 Be4 36. Rc3 Rhd7 37. Rdc1 Bb7 38. Re1 Be4 39. Rec1 Rd8 40. Rc7 Rxd4 41. Rf7 Rd2 42. Bxe6 Rg2+ 43. Kf1 Rxh2 44. Rfc7 g3 45. Rc8+ Rxc8 46. Rxc8+ Kb7 47. Rg8 Rh1+ 48. Ke2 g2 49. Rg7+ Kb8 50. Bxf5 Bxf5 51. Rxg2 Ra1 52. Rg5 Bd7 53. Rd5 Kc7 54. Rd4 Rxa4 0-1

[Event "Sao Paulo STD U2200 op 3rd"]
[Site "Sao Paulo"]
[Date "2018.10.14"]
[Round "5"]
[White "Dias, Marcelo de Souza"]
[Black "Salles, Leandro Luiz Krause"]
[Result "0-1"]
[WhiteElo "1859"]
[BlackElo "2113"]
[PlyCount "96"]
[EventDate "2018.10.12"]
[EventType "swiss"]
[EventRounds "6"]
[EventCountry "BRA"]
[SourceTitle "EXT 2021"]
[Source "ChessBase"]
[SourceDate "2020.10.23"]
[SourceVersion "1"]
[SourceVersionDate "2020.10.23"]
[SourceQuality "1"]

1. e4 e5 2. Nf3 Nc6 3. Bb5 a6 4. Ba4 Nf6 5. d4 Nxe4 6. Qe2 f5 7. d5 Ne7 8. Nxe5 b5 9. Bb3 d6 10. Nd3 Bb7 11. Nf4 Qd7 12. 0-0 0-0-0 13. c4 Re8 14. Qd1 g5 15. Ne6 Rg8 16. f3 Nc5 17. Nxc5 dxc5 18. cxb5 Rg6 19. bxa6 Rxa6 20. Nc3 Bg7 21. Bc4 Bd4+ 22. Kh1 Rg6 23. Re1 f4 24. Qe2 Kd8 25. Nb5 Bxd5 26. Bxd5 Nxd5 27. Qxe8+ Qxe8 28. Rxe8+ Kxe8 29. Nxd4 cxd4 30. Bd2 c5 31. Kg1 Kd7 32. Kf2 c4 33. Rc1 Rc6 34. Ke2 Kd6 35. g3 Kc5 36. Be1 Rb6 37. b3 c3 38. Bf2 Re6+ 39. Kf1 Ne3+ 40. Kg1 Kb4 41. gxf4 gxf4 42. Be1 Rg6+ 43. Kh1 Rc6 44. Bh4 Ka3 45. b4 Kb2 46. Rg1 c2 47. b5 c1Q 48. bxc6 Qxc6 0-1

[Event "Sao Paulo STD U2200 op 3rd"]
[Site "Sao Paulo"]
[Date "2018.10.13"]
[Round "3"]
[White "Haraguchi, Matheus Sashaki"]
[Black "Salles, Leandro Luiz Krause"]
[Result "0-1"]
[WhiteElo "1579"]
[BlackElo "2113"]
[PlyCount "102"]
[EventDate "2018.10.12"]
[EventType "swiss"]
[EventRounds "6"]
[EventCountry "BRA"]
[SourceTitle "EXT 2021"]
[Source "ChessBase"]
[SourceDate "2020.10.23"]
[SourceVersion "1"]
[SourceVersionDate "2020.10.23"]
[SourceQuality "1"]

1. c4 Nf6 2. Nc3 d5 3. cxd5 Nxd5 4. Nf3 g6 5. e4 Nb6 6. d3 Bg7 7. Be2 0-0 8. 0-0 Nc6 9. Be3 Bg4 10. a3 Qd7 11. Qd2 Rfd8 12. Rfd1 e5 13. Rac1 Bxf3 14. Bxf3 Qe6 15. Ne2 Rd7 16. h3 Rad8 17. Bg5 Re8 18. Bg4 f5 19. exf5 gxf5 20. Bh5 Rf8 21. Qe3 Nd5 22. Qc5 Kh8 23. Rc4 Rg8 24. Qb5 a6 25. Qxb7 Na5 26. Qa7 Nxc4 27. dxc4 Nf6 28. Rxd7 Qxd7 29. Bxf6 Bxf6 30. Qxa6 c6 31. b4 e4 32. b5 Qd1+ 33. Kh2 Be5+ 34. g3 Qf1 35. Qxc6 Qxf2+ 36. Kh1 Qe1+ 37. Kh2 Bd4 38. h4 Qf2+ 39. Kh1 Rxg3 40. Qe8+ Rg8 41. Qxg8+ Kxg8 42. Nxd4 Qxd4 43. Be2 f4 44. a4 f3 45. Bf1 Qf2 46. Bh3 Qxh4 47. Kh2 Qf4+ 48. Kh1 f2 49. Bf1 Qg3 50. Bg2 Qh4+ 51. Bh3 Qxh3# 0-1

[Event "Catarinense-ch"]
[Site "Tres Barras"]
[Date "2016.06.25"]
[Round "4"]
[White "Salles, Leandro Luiz Krause"]
[Black "Quintiliano Pinto, Renato Rodrigues"]
[Result "0-1"]
[WhiteElo "2125"]
[BlackElo "2441"]
[PlyCount "74"]
[EventDate "2016.06.23"]
[EventType "swiss"]
[EventRounds "7"]
[EventCountry "BRA"]
[SourceTitle "EXT 2017"]
[Source "ChessBase"]
[SourceDate "2016.10.25"]
[SourceVersion "1"]
[SourceVersionDate "2016.10.25"]
[SourceQuality "1"]

1. e4 c5 2. c3 Nf6 3. e5 Nd5 4. Nf3 e6 5. d4 cxd4 6. cxd4 d6 7. Bd3 Bd7 8. 0-0 Bc6 9. Qe2 Nd7 10. Bd2 Be7 11. Nc3 dxe5 12. dxe5 Nxc3 13. Bxc3 0-0 14. Rfe1 Qb6 15. h4 Rfd8 16. Ng5 Nf8 17. Rad1 h6 18. Nf3 Ng6 19. Bxg6 fxg6 20. Nd4 Bd5 21. Qg4 Kh7 22. Re3 h5 23. Qg3 Rf8 24. Red3 Rac8 25. Ne2 Rc4 26. Bd4 Bc5 27. b3 Bxd4 28. Nxd4 Rc7 29. Qg5 Rcf7 30. R1d2 Be4 31. Re3 Rf4 32. Qe7 Bd5 33. Red3 R8f7 34. Qe8 Qc5 35. Rc2 Qb4 36. Nxe6 Rxh4 37. Rh3 Rxh3 0-1

[Event "Catarinense-ch"]
[Site "Tres Barras"]
[Date "2016.06.24"]
[Round "2"]
[White "Salles, Leandro Luiz Krause"]
[Black "Matsuura, Everaldo"]
[Result "0-1"]
[WhiteElo "2125"]
[BlackElo "2503"]
[PlyCount "60"]
[EventDate "2016.06.23"]
[EventType "swiss"]
[EventRounds "7"]
[EventCountry "BRA"]
[SourceTitle "EXT 2017"]
[Source "ChessBase"]
[SourceDate "2016.10.25"]
[SourceVersion "1"]
[SourceVersionDate "2016.10.25"]
[SourceQuality "1"]

1. e4 d5 2. exd5 Nf6 3. d4 Bg4 4. Be2 Bxe2 5. Qxe2 Qxd5 6. Nf3 Nc6 7. c4 Qe4 8. Nc3 Qxe2+ 9. Kxe2 e6 10. Rd1 0-0-0 11. h3 Bb4 12. Be3 Bxc3 13. bxc3 Rhe8 14. Kf1 Ne4 15. Ng5 Nxc3 16. Rdc1 f6 17. Rxc3 fxg5 18. Rd1 h6 19. d5 Rd7 20. Rd2 Red8 21. Rcd3 exd5 22. Rxd5 Rxd5 23. Rxd5 Rxd5 24. cxd5 Ne7 25. Bc5 Kd7 26. d6 c6 27. Bd4 Nf5 28. Bb2 c5 29. Be5 g6 30. f4 gxf4 0-1

[Event "Curitiba op"]
[Site "Curitiba"]
[Date "2016.04.24"]
[Round "6"]
[White "Boabaid, Jorge Alberto Duard"]
[Black "Salles, Leandro Luiz Krause"]
[Result "0-1"]
[WhiteElo "1879"]
[BlackElo "2125"]
[PlyCount "88"]
[EventDate "2016.04.21"]
[EventType "swiss"]
[EventRounds "7"]
[EventCountry "BRA"]
[SourceTitle "CBM 172 Extra"]
[Source "ChessBase"]
[SourceDate "2016.06.21"]
[SourceVersion "1"]
[SourceVersionDate "2016.06.21"]
[SourceQuality "1"]

1. d4 d5 2. c4 e6 3. Nf3 Nf6 4. Bg5 Be7 5. e3 0-0 6. Nc3 h6 7. Bh4 b6 8. cxd5 exd5 9. Bd3 Be6 10. 0-0 c5 11. Rc1 Nc6 12. Bb5 Na5 13. Ne5 a6 14. Be2 c4 15. f4 Bc8 16. f5 Bb7 17. Qe1 b5 18. a3 Nb3 19. Rd1 Re8 20. Qg3 Ne4 21. Bxe7 Nxg3 22. Bxd8 Nxf1 23. Rxf1 Rexd8 24. Bh5 f6 25. Nf3 Rd7 26. g4 Bc6 27. Ne2 Re7 28. Kf2 Be8 29. Nf4 Rd8 30. h4 Bxh5 31. Nxh5 Rf7 32. Nf4 a5 33. Re1 b4 34. axb4 axb4 35. Re2 Ra7 36. Ne1 Nc1 37. Rc2 Na2 38. Kf3 b3 39. Rh2 c3 40. bxc3 Nxc3 41. Rb2 Rb8 42. Ned3 Ra2 43. Ne2 Na4 44. Rb1 Rxe2 0-1

[Event "Matinhos Caioba op"]
[Site "Matinhos"]
[Date "2015.08.16"]
[Round "6"]
[White "Salles, Leandro Luiz Krause"]
[Black "Pedroso, Andre Lucio"]
[Result "1-0"]
[WhiteElo "2123"]
[BlackElo "1842"]
[PlyCount "73"]
[EventDate "2015.08.14"]
[EventType "swiss"]
[EventRounds "6"]
[EventCountry "BRA"]
[SourceTitle "EXT 2016"]
[Source "ChessBase"]
[SourceDate "2015.10.08"]
[SourceVersion "1"]
[SourceVersionDate "2015.10.08"]
[SourceQuality "1"]

1. e4 d6 2. d4 Nf6 3. Nc3 e6 4. Nf3 Be7 5. Be2 0-0 6. 0-0 c5 7. Bg5 cxd4 8. Nxd4 Nc6 9. Ndb5 a6 10. Bxf6 gxf6 11. Nd4 Qb6 12. Nb3 Bd7 13. Kh1 Kh8 14. a4 Rg8 15. a5 Qc7 16. f4 Rg7 17. Bf3 Rag8 18. Qd2 Na7 19. Rfd1 Bc6 20. Na4 f5 21. exf5 Bxf3 22. gxf3 Rg2 23. Qd4+ e5 24. fxe5 dxe5 25. Qc3 Rxc2 26. Qxc7 Rxc7 27. Nc3 Bh4 28. Ra4 Bf2 29. Ne4 Be3 30. Nf6 Rgc8 31. Nd5 Bf4 32. Nxc7 Rxc7 33. Rg1 f6 34. Raa1 Rc2 35. Rg2 Rxg2 36. Kxg2 Nc6 37. Rd1 1-0

[Event "Parana-ch"]
[Site "Curitiba"]
[Date "2015.02.01"]
[Round "8"]
[White "Salles, Leandro Luiz Krause"]
[Black "Borges, Victor Hugo Moreira"]
[Result "0-1"]
[WhiteElo "2112"]
[BlackElo "2143"]
[PlyCount "86"]
[EventDate "2015.01.28"]
[EventType "swiss"]
[EventRounds "8"]
[EventCountry "BRA"]
[SourceTitle "CBM 164 Extra"]
[Source "ChessBase"]
[SourceDate "2015.03.02"]
[SourceVersion "1"]
[SourceVersionDate "2015.03.02"]
[SourceQuality "1"]

1. e4 c5 2. c3 Nf6 3. e5 Nd5 4. Nf3 Nc6 5. Bc4 Nb6 6. Bb3 c4 7. Bc2 Qc7 8. Qe2 g5 9. h3 h5 10. Na3 Rg8 11. Nb5 Qb8 12. d4 cxd3 13. Bxd3 g4 14. hxg4 hxg4 15. Ng5 Nxe5 16. Bh7 Rg7 17. Be3 Nbc4 18. 0-0-0 a6 19. Nd4 Nxe3 20. Qxe3 Nc4 21. Qe2 Qf4+ 22. Kb1 d5 23. Nde6 Bxe6 24. Nxe6 fxe6 25. Qxe6 Qf7 26. Qxd5 Qxd5 27. Rxd5 Nd6 28. Rc5 Rc8 29. Rd5 e6 30. Rd2 Be7 31. Bc2 Rc5 32. Bb3 Re5 33. a4 Kd7 34. Rd4 Kc7 35. Rh6 Re2 36. Bxe6 Rxf2 37. Bxg4 Rxg2 38. Bh3 Rh2 39. a5 Rf7 40. c4 Nf5 41. Rd7+ Kxd7 42. Bxf5+ Rxf5 43. Rxh2 Rxa5 0-1

[Event "Parana-ch"]
[Site "Curitiba"]
[Date "2015.01.30"]
[Round "5"]
[White "Moreira Dropa, Rodrigo"]
[Black "Salles, Leandro Luiz Krause"]
[Result "0-1"]
[WhiteElo "1970"]
[BlackElo "2112"]
[PlyCount "104"]
[EventDate "2015.01.28"]
[EventType "swiss"]
[EventRounds "8"]
[EventCountry "BRA"]
[SourceTitle "CBM 164 Extra"]
[Source "ChessBase"]
[SourceDate "2015.03.02"]
[SourceVersion "1"]
[SourceVersionDate "2015.03.02"]
[SourceQuality "1"]

1. e4 e5 2. Nf3 Nc6 3. Bc4 Bc5 4. c3 Nf6 5. d3 a6 6. Bb3 d6 7. 0-0 0-0 8. Nbd2 Bg4 9. h3 Bh5 10. Re1 Re8 11. Nf1 h6 12. Be3 Bxe3 13. Rxe3 d5 14. g4 Bg6 15. Ng3 dxe4 16. dxe4 Na5 17. Qe2 Nxb3 18. axb3 c6 19. b4 Qc7 20. Nh4 Bh7 21. Nhf5 Rad8 22. h4 Qd7 23. Qf3 Bxf5 24. Nxf5 Nh7 25. Qg2 Re6 26. Re2 Nf8 27. h5 Nh7 28. f3 Ng5 29. Kh2 Ree8 30. Kg3 Ne6 31. Qf1 Qd3 32. Rf2 Ng5 33. Qxd3 Rxd3 34. Kg2 Red8 35. Rc1 g6 36. Ng3 Ne6 37. Kh2 Kg7 38. Rcc2 Kf6 39. hxg6 fxg6 40. Nf1 Kg5 41. Kg3 h5 42. gxh5 gxh5 43. Rfd2 h4+ 44. Kf2 Kf4 45. Ke2 Rxd2+ 46. Nxd2 h3 47. Rc1 Rg8 48. Rh1 Rg2+ 49. Kd3 Kg3 50. Nf1+ Kf2 51. Ne3 Nf4+ 52. Kd2 Kxf3+ 0-1

[Event "Parana-ch"]
[Site "Curitiba"]
[Date "2015.01.28"]
[Round "1"]
[White "Salles, Leandro Luiz Krause"]
[Black "Da Silva, Kelley Santos"]
[Result "1-0"]
[WhiteElo "2112"]
[BlackElo "1917"]
[PlyCount "75"]
[EventDate "2015.01.28"]
[EventType "swiss"]
[EventRounds "8"]
[EventCountry "BRA"]
[SourceTitle "CBM 164 Extra"]
[Source "ChessBase"]
[SourceDate "2015.03.02"]
[SourceVersion "1"]
[SourceVersionDate "2015.03.02"]
[SourceQuality "1"]

1. e4 e6 2. d4 d5 3. e5 c5 4. c3 Qb6 5. Nf3 Bd7 6. Be2 Bb5 7. 0-0 Nc6 8. Be3 Bxe2 9. Qxe2 Nge7 10. dxc5 Qc7 11. Bd4 Nf5 12. Na3 a6 13. Nc2 h5 14. b4 Be7 15. a4 g5 16. b5 Na5 17. Nb4 Nc4 18. Rfb1 Bxc5 19. Bxc5 Qxc5 20. bxa6 bxa6 21. Nxa6 Qc8 22. Nb4 g4 23. Nd4 Qd7 24. Nxf5 exf5 25. Qd3 Ra5 26. Nxd5 Rxd5 27. Qxc4 0-0 28. Qf4 Qe6 29. Rb5 Ra8 30. Qg5+ Kf8 31. Rab1 Qxe5 32. Qxh5 Rxa4 33. Rb8+ Ke7 34. Qg5+ Kd7 35. Qd8+ Ke6 36. Qe8+ Kf6 37. Qxa4 Ra5 38. Qd4 1-0

[Event "Joinville op 2nd"]
[Site "Joinville"]
[Date "2014.05.04"]
[Round "7"]
[White "Salles, Leandro Luiz Krause"]
[Black "Cadilhac, Igor Tokuichi Kikuc"]
[Result "1/2-1/2"]
[WhiteElo "2129"]
[BlackElo "2063"]
[PlyCount "40"]
[EventDate "2014.05.01"]
[EventType "swiss"]
[EventRounds "7"]
[EventCountry "BRA"]
[SourceTitle "EXT 2015"]
[Source "ChessBase"]
[SourceDate "2014.11.20"]
[SourceVersion "1"]
[SourceVersionDate "2014.11.20"]
[SourceQuality "1"]

1. e4 c5 2. c3 Nf6 3. e5 Nd5 4. Bc4 e6 5. d4 cxd4 6. cxd4 d6 7. Nf3 Be7 8. 0-0 0-0 9. Qe2 Qc7 10. Rd1 Nc6 11. Bd2 Rd8 12. Nc3 Nxc3 13. Bxc3 d5 14. Bd3 Nb4 15. Bxb4 Bxb4 16. Rac1 Qe7 17. h4 g6 18. Qe3 Bd7 19. h5 Rac8 20. Ng5 Qf8 1/2-1/2

[Event "Joinville op 2nd"]
[Site "Joinville"]
[Date "2014.05.02"]
[Round "2"]
[White "Rapouso, Ricardo Luis Borba"]
[Black "Salles, Leandro Luiz Krause"]
[Result "1/2-1/2"]
[WhiteElo "1903"]
[BlackElo "2129"]
[PlyCount "39"]
[EventDate "2014.05.01"]
[EventType "swiss"]
[EventRounds "7"]
[EventCountry "BRA"]
[SourceTitle "EXT 2015"]
[Source "ChessBase"]
[SourceDate "2014.11.20"]
[SourceVersion "1"]
[SourceVersionDate "2014.11.20"]
[SourceQuality "1"]

1. d4 Nf6 2. c4 g6 3. Nc3 d5 4. cxd5 Nxd5 5. e4 Nxc3 6. bxc3 Bg7 7. Nf3 c5 8. Bb5+ Bd7 9. Rb1 Qa5 10. Bxd7+ Nxd7 11. 0-0 b6 12. Qb3 0-0 13. e5 e6 14. Bd2 Qa6 15. Rfe1 Rac8 16. a4 Qb7 17. h4 cxd4 18. cxd4 Qd5 19. Qxd5 exd5 20. Rb5 1/2-1/2

[Event "Foz do Iguacu op 3rd"]
[Site "Foz do Iguacu"]
[Date "2013.05.31"]
[Round "1"]
[White "Bueno, Marcos Antonio Ferr"]
[Black "Salles, Leandro Luiz Krause"]
[Result "0-1"]
[WhiteElo "1763"]
[BlackElo "2110"]
[PlyCount "54"]
[EventDate "2013.05.31"]
[EventType "swiss"]
[EventRounds "6"]
[EventCountry "BRA"]
[SourceTitle "CBM 154 Extra"]
[Source "ChessBase"]
[SourceDate "2013.06.25"]
[SourceVersion "2"]
[SourceVersionDate "2013.06.25"]
[SourceQuality "1"]

1. Nf3 Nf6 2. g3 g6 3. Bg2 d5 4. 0-0 Bg7 5. d3 0-0 6. Nbd2 Nc6 7. Re1 e5 8. e4 Re8 9. c3 a5 10. Qc2 h6 11. Nf1 Be6 12. Bd2 a4 13. Qc1 Kh7 14. Nh4 d4 15. c4 Nd7 16. Qc2 Qe7 17. h3 Nb4 18. Qb1 Reb8 19. a3 Nc6 20. b4 axb3 21. Qxb3 Nc5 22. Qc2 Ra4 23. Ra2 Rba8 24. Rea1 b5 25. Bb4 Nxb4 26. axb4 Rxa2 27. Rxa2 Rxa2 0-1

[Event "Curitiba Oliveira Memorial"]
[Site "Curitiba"]
[Date "2012.12.16"]
[Round "6"]
[White "Salles, Leandro Luiz Krause"]
[Black "Correa, Ariane Miranda"]
[Result "1-0"]
[WhiteElo "2114"]
[BlackElo "1794"]
[PlyCount "69"]
[EventDate "2012.12.14"]
[EventType "swiss"]
[EventRounds "6"]
[EventCountry "BRA"]
[SourceTitle "CBM 152 Extra"]
[Source "ChessBase"]
[SourceDate "2013.02.25"]
[SourceVersion "1"]
[SourceVersionDate "2013.02.25"]
[SourceQuality "1"]

1. e4 c5 2. c3 g6 3. d4 cxd4 4. cxd4 d5 5. exd5 Nf6 6. Nf3 Bg7 7. Bb5+ Nbd7 8. Nc3 0-0 9. d6 exd6 10. 0-0 a6 11. Be2 b5 12. Bg5 Bb7 13. Re1 b4 14. Nb1 Qb6 15. Nbd2 d5 16. Bd3 Rfe8 17. Rxe8+ Rxe8 18. Qa4 Re6 19. Rc1 a5 20. Bb5 Nf8 21. Bf4 Ba6 22. Bc6 Ne4 23. Bxd5 Nxd2 24. Bxd2 Bb5 25. Qb3 Re7 26. Be3 Qd6 27. Rc5 Qd7 28. h3 Ne6 29. Bxe6 Rxe6 30. Qd5 Qxd5 31. Rxd5 Bc6 32. Rxa5 Bxf3 33. gxf3 Rd6 34. Ra8+ Bf8 35. Bh6 1-0

[Event "Curitiba Oliveira Memorial"]
[Site "Curitiba"]
[Date "2012.12.15"]
[Round "3"]
[White "Broday, Gabriel Renan"]
[Black "Salles, Leandro Luiz Krause"]
[Result "1-0"]
[WhiteElo "2040"]
[BlackElo "2114"]
[PlyCount "115"]
[EventDate "2012.12.14"]
[EventType "swiss"]
[EventRounds "6"]
[EventCountry "BRA"]
[SourceTitle "CBM 152 Extra"]
[Source "ChessBase"]
[SourceDate "2013.02.25"]
[SourceVersion "1"]
[SourceVersionDate "2013.02.25"]
[SourceQuality "1"]

1. e4 e5 2. Nf3 Nc6 3. Bc4 Bc5 4. c3 Nf6 5. d3 a6 6. Bb3 d6 7. Qe2 Bg4 8. 0-0 0-0 9. Rd1 Qe7 10. Nbd2 Rad8 11. Nf1 d5 12. Bg5 dxe4 13. dxe4 b5 14. Ne3 Bxe3 15. Qxe3 Na5 16. h3 Bh5 17. Rxd8 Rxd8 18. Re1 Nxb3 19. axb3 h6 20. Bh4 Qd6 21. b4 Bg6 22. Bxf6 Qxf6 23. Qc5 Bh5 24. Qxe5 Bxf3 25. Qxf6 gxf6 26. gxf3 Kf8 27. Kf1 Ke7 28. Ra1 Rd6 29. Ke2 Ke6 30. f4 f5 31. f3 fxe4 32. fxe4 Ke7 33. Rd1 Rg6 34. Kf3 h5 35. Kf2 Rf6 36. f5 Rc6 37. Ke3 f6 38. Kf4 Rb6 39. Rg1 Kf7 40. Rg6 Rd6 41. Rh6 Kg7 42. Rxh5 Rd2 43. Rh4 Rf2+ 44. Ke3 Rxb2 45. Rg4+ Kf7 46. Rg3 c5 47. bxc5 b4 48. Kd3 b3 49. Kc4 a5 50. c6 Ke7 51. Kc5 Rc2 52. Rg7+ Kd8 53. c7+ Kc8 54. Kd6 Rxc3 55. Rg8+ Kb7 56. Rb8+ Ka7 57. Rxb3 Rc1 58. Rb8 1-0

[Event "Catarinense-ch sf2"]
[Site "Sao Bento do Sul"]
[Date "2012.07.29"]
[Round "6.1"]
[White "Salles, Leandro Luiz Krause"]
[Black "Dos Santos, Haroldo Cunha Jr"]
[Result "1-0"]
[WhiteElo "2098"]
[BlackElo "2244"]
[PlyCount "95"]
[EventDate "2012.07.27"]
[EventType "swiss"]
[EventRounds "6"]
[EventCountry "BRA"]
[SourceTitle "EXT 2022"]
[Source "ChessBase"]
[SourceDate "2021.10.06"]
[SourceVersion "1"]
[SourceVersionDate "2021.10.06"]
[SourceQuality "1"]

1. e4 e5 2. Nf3 Nc6 3. Bc4 Bc5 4. c3 Qe7 5. d3 Nf6 6. 0-0 d6 7. Bb3 a6 8. Nbd2 b5 9. a4 Rb8 10. axb5 axb5 11. Bd5 Nd8 12. d4 Be6 13. Re1 Bg4 14. Nf1 exd4 15. Bg5 h6 16. Bh4 dxc3 17. bxc3 g5 18. Bg3 Nd7 19. Qd3 Bxf3 20. Qxf3 Qf6 21. e5 Qxf3 22. exd6+ Ne6 23. gxf3 cxd6 24. Bxe6 fxe6 25. Rxe6+ Kf7 26. Rxd6 Rb7 27. Rda6 Ke7 28. Ne3 Bxe3 29. fxe3 h5 30. e4 h4 31. Bf2 Rf8 32. Re6+ Kf7 33. Rh6 Ke7 34. e5 Rc8 35. Rh7+ Ke8 36. e6 Nb8 37. Ra7 Rxa7 38. Bxa7 Rc6 39. Bxb8 Rxe6 40. Ba7 Re5 41. Kf2 Rd5 42. Ke3 Re5+ 43. Kd4 Re2 44. Bb8 Kf8 45. Rb7 Rb2 46. c4 Rb3 47. Rxb5 Rxf3 48. Rxg5 1-0

[Event "Catarinense-ch sf2"]
[Site "Sao Bento do Sul"]
[Date "2012.07.28"]
[Round "4.2"]
[White "Dias, Anderson Tatsch"]
[Black "Salles, Leandro Luiz Krause"]
[Result "1/2-1/2"]
[WhiteElo "2243"]
[BlackElo "2098"]
[PlyCount "46"]
[EventDate "2012.07.27"]
[EventType "swiss"]
[EventRounds "6"]
[EventCountry "BRA"]
[SourceTitle "EXT 2022"]
[Source "ChessBase"]
[SourceDate "2021.10.06"]
[SourceVersion "1"]
[SourceVersionDate "2021.10.06"]
[SourceQuality "1"]

1. d4 d5 2. Nf3 Nf6 3. c4 e6 4. Bg5 Be7 5. Nc3 0-0 6. e3 h6 7. Bh4 b6 8. cxd5 exd5 9. Be2 Be6 10. 0-0 Nbd7 11. Rc1 c5 12. dxc5 bxc5 13. Qc2 Qa5 14. Rfd1 Rab8 15. b3 Rfc8 16. Bg3 Rb4 17. Qd2 Nb6 18. h3 Ne4 19. Nxe4 dxe4 20. Ne5 Qa3 21. Rc2 a5 22. Nc4 Nxc4 23. Bxc4 Bxc4 1/2-1/2

[Event "Avoine op 27th"]
[Site "Avoine"]
[Date "2012.07.28"]
[Round "8"]
[White "Salles, Leandro Luiz Krause"]
[Black "Julien, Jules Alois"]
[Result "1/2-1/2"]
[WhiteElo "2147"]
[BlackElo "1827"]
[PlyCount "56"]
[EventDate "2012.07.21"]
[EventType "swiss"]
[EventRounds "9"]
[EventCountry "FRA"]
[SourceTitle "CBM 149 Extra"]
[Source "ChessBase"]
[SourceDate "2012.08.24"]
[SourceVersion "1"]
[SourceVersionDate "2012.08.24"]
[SourceQuality "1"]

1. e4 c5 2. Nf3 e6 3. d4 cxd4 4. Nxd4 Nc6 5. Nc3 Qc7 6. Be3 a6 7. Qd2 Nf6 8. 0-0-0 b5 9. Bf4 e5 10. Nxc6 exf4 11. e5 Ng4 12. Nd4 Bb7 13. Bxb5 Nxe5 14. Rhe1 0-0-0 15. Bf1 Bb4 16. Kb1 Ng4 17. Nf3 Rhe8 18. Rxe8 Rxe8 19. h3 Nf6 20. Qd4 Bxc3 21. bxc3 Re4 22. Qd2 Ra4 23. c4 Ne4 24. Qd4 Bc6 25. Nd2 Nxd2+ 26. Qxd2 Qb6+ 27. Ka1 Qc5 28. c3 g5 1/2-1/2

[Event "Avoine op 27th"]
[Site "Avoine"]
[Date "2012.07.27"]
[Round "7"]
[White "Beaugeard, Meddy"]
[Black "Salles, Leandro Luiz Krause"]
[Result "0-1"]
[WhiteElo "1873"]
[BlackElo "2147"]
[PlyCount "56"]
[EventDate "2012.07.21"]
[EventType "swiss"]
[EventRounds "9"]
[EventCountry "FRA"]
[SourceTitle "CBM 149 Extra"]
[Source "ChessBase"]
[SourceDate "2012.08.24"]
[SourceVersion "1"]
[SourceVersionDate "2012.08.24"]
[SourceQuality "1"]

1. Nf3 Nf6 2. g3 g6 3. Bg2 Bg7 4. d4 0-0 5. Nbd2 d5 6. 0-0 c6 7. Re1 Re8 8. Ne5 Na6 9. Ndf3 Ne4 10. Be3 f6 11. Nd3 e5 12. Qc1 Nd6 13. dxe5 fxe5 14. Nc5 e4 15. Nh4 Nxc5 16. Bxc5 Nc4 17. b3 b6 18. bxc4 bxc5 19. f4 Bxa1 20. Qxa1 Ba6 21. Qc3 d4 22. Qa3 Qb6 23. c3 Rad8 24. Bh3 d3 25. exd3 exd3 26. Rxe8+ Rxe8 27. Qc1 Bxc4 28. f5 d2 0-1

[Event "Sao Jose do Rio Preto CC-A"]
[Site "Sao Jose do Rio Preto"]
[Date "2012.05.11"]
[Round "6"]
[White "Monteiro, Artur Fernando"]
[Black "Salles, Leandro Luiz Krause"]
[Result "1/2-1/2"]
[WhiteElo "2018"]
[BlackElo "2098"]
[PlyCount "29"]
[EventDate "2012.05.11"]
[EventType "tourn"]
[EventRounds "9"]
[EventCountry "BRA"]
[SourceTitle "EXT 2014"]
[Source "ChessBase"]
[SourceDate "2013.11.20"]
[SourceVersion "1"]
[SourceVersionDate "2013.11.20"]
[SourceQuality "1"]

1. e4 e5 2. d4 exd4 3. Nf3 Nf6 4. e5 Ne4 5. Qxd4 d5 6. exd6 Nxd6 7. Nc3 Nc6 8. Qf4 Bf5 9. Bb5 Qe7+ 10. Be3 Nxb5 11. Nxb5 Qb4+ 12. Qxb4 Bxb4+ 13. c3 Bd6 14. Nxd6+ cxd6 15. Rd1 1/2-1/2

[Event "Caxias do Sul op 12th"]
[Site "Caxias do Sul"]
[Date "2012.03.04"]
[Round "9"]
[White "De Freitas, Julio Eimard"]
[Black "Salles, Leandro Luiz Krause"]
[Result "1-0"]
[WhiteElo "1865"]
[BlackElo "2098"]
[PlyCount "63"]
[EventDate "2012.03.03"]
[EventType "swiss (rapid)"]
[EventRounds "9"]
[EventCountry "BRA"]
[SourceTitle "CBM 147 Extra"]
[Source "ChessBase"]
[SourceDate "2012.04.24"]
[SourceVersion "1"]
[SourceVersionDate "2012.04.24"]
[SourceQuality "1"]

1. d4 Nf6 2. c4 g6 3. Nf3 d5 4. Nc3 Bg7 5. e3 0-0 6. Be2 c5 7. 0-0 cxd4 8. exd4 Nc6 9. Ne5 Bf5 10. Nxc6 bxc6 11. c5 Nd7 12. Qa4 Qc7 13. f4 a5 14. g4 Be4 15. Nxe4 dxe4 16. Be3 f5 17. g5 Rfb8 18. Qc2 a4 19. a3 Kh8 20. Bc4 Rd8 21. h4 Nf8 22. Rad1 Rd7 23. Ba2 e6 24. Rf2 Qb7 25. h5 gxh5 26. Rh2 Rad8 27. Qxa4 e5 28. Qc4 Rd5 29. Rxh5 Ng6 30. Qf1 exf4 31. Bxd5 fxe3 32. Rxh7+ 1-0

[Event "Curitiba-ch II IRT"]
[Site "Curitiba"]
[Date "2010.05.09"]
[Round "5"]
[White "Bueno, Alfeu Varela Jr"]
[Black "Salles, Leandro Luiz Krause"]
[Result "1-0"]
[WhiteElo "2301"]
[BlackElo "2140"]
[PlyCount "43"]
[EventDate "2010.05.07"]
[EventType "swiss"]
[EventRounds "6"]
[EventCountry "BRA"]
[SourceTitle "EXT 2022"]
[Source "ChessBase"]
[SourceDate "2021.10.06"]
[SourceVersion "1"]
[SourceVersionDate "2021.10.06"]
[SourceQuality "1"]

1. e4 e5 2. f4 Bc5 3. Nf3 d6 4. c3 Bg4 5. Bc4 Qe7 6. d4 exd4 7. 0-0 dxc3+ 8. Kh1 Nc6 9. Nxc3 0-0-0 10. Qd3 Bxf3 11. gxf3 Nf6 12. a3 h6 13. b4 Bb6 14. Bb2 Nh5 15. Nd5 Qh4 16. a4 Qh3 17. Rg1 Bxg1 18. Rxg1 Qh4 19. Qc3 f5 20. Ba6 Qf2 21. Rg2 Qd4 22. Qc2 1-0